000 00858nam a2200265 n 4500
001 C2-0262781
003 PPAK
005 20230817114934.0
008 050222s1991 my g | 0 p may d
020 _qpaperback
040 _aPPAK
_beng
_cPPAK
_erda
082 0 4 _223
_a899.231
090 0 0 _a899.231
_bGEM
_dKAR
090 2 0 _a899.231
_bGEM
_dKSS
090 2 0 _a899.231
_bGEM
_dKWS
245 0 0 _aGema Membelah Gema 10 :
_bAntologi Puisi Hari Puisi Nasional Kedua Belas /
_cDiselenggarakan oleh HAMZAH HAMDANI
264 1 _aPulau Pinang :
_bJawatankuasa Penyelenggara Hari Puisi Nasional Kedua Belas,
_c1991
300 _aix, 67 pages ;
_c21 cm
336 _2rdacontent
_atext
337 _2rdamedia
_aunmediated
338 _2rdacarrier
_avolume
650 1 0 _aMalay poetry
700 0 _aHamzah Hamdani,
_ecompiler.
942 _cB
_2ddc
999 _c73078
_d73078